000 00732nam a2200229Ii 4500
003 JO-AjNU
008 230605s9999||||xx |||||||||||||| ||und||
017 _a2010/8/2814
020 _a978-9957-09-453-9
040 _aJO-AjNU
_bara
_erda
_cJO-AjNU
041 _aara
050 1 4 _aPN1995.H32 2011
100 3 _aع.حداد، رانيا,
_eauthor
_949086
245 0 0 _aشاشة الحلم والألم: أفلام سينمائية
250 _aط1
264 3 1 _aعمان: أزمنة للنشر والتوزيع، 2011
300 _a240ص
336 _atext
_btxt
_2rdacontent
337 _aunmediated
_bn
_2rdamedia
338 _avolume
_bnc
_2rdacarrier
650 4 _aالسينما - أفلام - تاريخ ونقد
_949087
999 _aA21538
_c25106
_d25106